| 000 | 00479nam a22001817a 4500 | ||
|---|---|---|---|
| 008 | 150712b xxu||||| |||| 00| 0 eng d | ||
| 041 | _aNepali | ||
| 082 | _aCD11119 | ||
| 100 | _aPahari, Bhim Bahadur | ||
| 245 | _aPahari Jatiko Jatibhasik adhyayan | ||
| 260 |
_aLalitpur _c2071 |
||
| 502 |
_aDissertation _bDegree in Nepali _cPatan Multiple C. _d2071 |
||
| 650 | _aNepali language | ||
| 650 | _aCaste | ||
| 653 | _aPahari jati | ||
| 653 | _aPahari cast | ||
| 942 |
_2ddc _cVM |
||
| 999 |
_c75972 _d75961 |
||